Bariéry rozvoje malých a středních podniků

Zhodnotenie súčasnej situácie malých a stredných podnikov v Českej republike, identifikácia hlavných prekážok ich rozvoja a návrh opatrení vedúcich ich odstráneniu.

Saved in:
Bibliographic Details
Main Author: Hodinková, Monika
Other Authors: Svirák, Pavel
Format: Book Chapter
Language:Czech
Subjects:
Tags: Add Tag
No Tags, Be the first to tag this record!

MARC

LEADER 00000naa a2200000 4500
001 0198898
005 20231204135135.3
041 0 |a cze 
044 |a CZ 
245 1 0 |a Bariéry rozvoje malých a středních podniků  |c Monika Hodinková, Pavel Svirák 
520 |a Zhodnotenie súčasnej situácie malých a stredných podnikov v Českej republike, identifikácia hlavných prekážok ich rozvoja a návrh opatrení vedúcich ich odstráneniu. 
610 2 0 |a podnik malý 
610 2 0 |a podnik stredný 
610 2 0 |a Česko 
610 2 0 |a podpora podnikania 
610 2 0 |a podnikanie malé 
610 2 0 |a podnikanie stredné 
100 1 |a Hodinková, Monika 
700 1 |a Svirák, Pavel